000 00822nam a2200241Ii 4500
003 JO-AjNU
008 230605s9999||||xx |||||||||||||| ||und||
017 _a2009/4/2069
020 _a978-9957-417-24-6
040 _aJO-AjNU
_bara
_erda
_cJO-AjNU
041 _aara
050 1 4 _aPJ6074.M85 2009
100 3 _aمراجعة غصيب،همام؛ تحرير كايد هاشم,
_eauthor
_924747
245 0 0 _a اللغة العربية والإعلام وكتّاب النص
250 _aط1
264 3 1 _aعمان: منتدى الفكر العربي،2009
300 _a154ص
336 _atext
_btxt
_2rdacontent
337 _aunmediated
_bn
_2rdamedia
338 _avolume
_bnc
_2rdacarrier
490 0 _aسلسلة كتاب المنتدى (4)
650 4 _aاللغة العربية-اللغة-كتّاب
_924748
999 _aA9163
_c12731
_d12731